| 000 | 00959cam a22002655a 4500 | ||
|---|---|---|---|
| 001 | 017445862 | ||
| 003 | OSt | ||
| 005 | 20201124143117.0 | ||
| 008 | 150706t2016 enka frb 001 0 eng d | ||
| 020 | _z9780081001165 | ||
| 040 |
_aStDuBDS _beng _cStDuBDS _dUk _epn _dEG-ScBUE |
||
| 082 | 0 | 4 |
_a620.112 _222 _bHAN |
| 245 | 0 | 0 |
_aHandbook of materials failure analysis : _bwith case studies from the chemicals, concrete and power industries / _cedited by Abdel Makhlouf, Mahmood Aliofkhazraei. |
| 260 |
_aOxford ; _aWaltham : _bButterworth Heinemann / Elsevier, _cc.2016. |
||
| 300 |
_axxiii, 503 p. : _bill. ; _c28 cm. |
||
| 500 | _aIndex : p. 493-503. | ||
| 504 | _aIncludes bibliographical references. | ||
| 651 | _2BUEsh | ||
| 653 |
_bENGCHE _cOctober2016 |
||
| 653 |
_bCOMSCI _cNovember2016 |
||
| 700 | 1 |
_aMakhlouf, Abdel Salam Hamdy, _eeditor. _941651 |
|
| 700 | 1 |
_aAliofkhazraei, Mahmood, _eeditor. |
|
| 776 | 0 | 8 |
_iPrint version _z9780081001165 |
| 942 | _2ddc | ||
| 999 |
_c22828 _d22800 |
||